000 00984nam a2200337 a 4500
003 AR-BaBNM
005 20251128203433.0
008 082120s2002 ||||||||||||||000 | spa||
020 _a84-7100-608-1
040 _cAR-BaBNM
100 1 _aMeliá, Bartomeu
245 0 0 _aLa lengua guaraní del Paraguay
_bhistoria, sociedad y literatura
250 _a1ª ed.
260 _aMadrid
_bMapfre
_c1992
300 _a339 p.
_bil., láms., tablas
490 0 _aLenguas y literaturas indígenas
_vv. 6
500 _aApéndice para consultar p. 305-339.
650 4 _aLITERATURA
650 4 _aHISTORIA CULTURAL
650 4 _aCRISTIANISMO
650 4 _aCULTURAS LATINOAMERICANAS
650 4 _aABORIGENES SUDAMERICANOS
650 4 _aLENGUAS AMERINDIAS
650 4 _aPERIODO HISPANICO
650 4 _aMISIONES RELIGIOSAS
651 4 _aParaguay
800 1 _aGallego, José Andrés
_ecoordinador
800 1 _aGarrido, Miguel Angel
_edirector
942 _cBK
998 _cmariana
999 _c3388
_d3388